| 000 | 00738cam a22002411i 4500 | ||
|---|---|---|---|
| 999 |
_c5437 _d5437 |
||
| 001 | 5437 | ||
| 003 | BD-JhCC | ||
| 005 | 20180303123506.0 | ||
| 008 | 851211s1964 enk 00000 eng d | ||
| 035 | _a(BD-JhCC)5437 | ||
| 040 |
_aANL _dANL |
||
| 041 | _aeng | ||
| 050 | 0 | 0 |
_aJN2728 _b.R5 |
| 082 |
_a354.44 _bRID 1964 |
||
| 099 | _aRID 1964 | ||
| 100 | 1 |
_aRidley, F. F. _q(Frederick F.) |
|
| 245 | 1 | 0 |
_aPublic administration in France / _cby F. Ridley and J. Blondel ; with an introduction by Peter Campbell. |
| 260 |
_aLondon : _bRoutledge & Kegan Paul, _c1964. |
||
| 300 |
_a336 p. : _c22 cm. |
||
| 651 | 0 |
_aFrance _xPolitics and government _y1958- |
|
| 700 | 1 |
_aBlondel, Jean, _d1929- |
|
| 942 |
_2ddc _cBK |
||